000 01621nam a2200325 i 4500
003 EG-GICUC
005 20260121101220.0
008 251113s1984 ua ||||f |||| 00| 0 ara d
040 _aEG-GICUC
_bara
_cEG-GICUC
_dEG-GICUC
_erda
041 _aara
082 0 4 _221
_a345
_bم ا . ق
092 0 4 _221
099 _alaw1 07 345 م ا . ق 1984
100 0 _aماجد راغب الحلو
_eمؤلف.
245 _aالقانون الأداري /
_cدكتور ماجد راغب الحلو
264 _aالإسكندرية :
_bدار المطبوعات و المعرفة الجامعة ,
_c1984.
300 _a448صفحة
_c24 سم
_bإيضاحيات، صور، مثيليات ؛
336 _2rda content
_aText
337 _2rda media
_aunmediated
338 _2rda carrier
_avolume
500 _aيشتمل علي ارجاعات ببليوجرافية
504 _a. 240-220 ببليوجرافيا: صفحات.
505 _aذاتية القانون الادارى. المركزية واللامركزية . الاموال العامة الموظف العام - المرافق العامة - الضبط الإدارى القرار الإدارى - العقد الإدارى - السلطة التقديرية التنفيذ المباشر . نزع الملكية للمنفعة العامة
546 _aالنص أغلبه باللغة العربية بعض النصوص الإنجليزية والفرنسية
650 1 _aالقانون الإداري
_2qrmak
651 1 _2qrmak
856 _uhttps://fll.law.cu.edu.eg/fulltext/articles/B07-00542.pdf
905 _a74
942 _2ddc
_n0
_cARTC
_e21
999 _c43162
_d43162